000 00355nam a2200169Ia 4500
100 _aKirpal Singh
650 _aAUTOMOBILE
942 _cBK
366 _f10
654 _aautomobile
245 _aAutomobile Engineering vol.2
260 _bStandard Publications
_c2018
082 _a629.2
_bKIR
300 _a728
546 _aENGLISH
999 _c33754
_d33754